000 01178nam a2200265 i 4500
001 164170
003 ES-MaACL
005 20240511063040.0
008 050722s1882 sp |||| | spa d
040 _cES-MaACL
080 _a123.2
080 _a17.021.2
100 1 _aRuiz Díaz, Máximo
_9132173
_eaut
245 1 0 _aDeterminismo y libre albedrío :
_bmemoria leída en el Ateneo de Madrid con motivo de la apertura de la Sección de Ciencias Exactas Físicas y Naturales : curso de 1881 a 1882 /
_cpor Maximino Ruiz Díaz.
260 _aMadrid :
_b[s.n.],
_c1882
_f(Imp. de La Correspondencia de España)
300 _a86 páginas ;
_c14 cm.
610 2 4 _aAteneo de Madrid.
_bSección de Ciencias Exactas, Físicas y Naturales-
_vMemorias.
_91979
650 4 _aDeterminismo.
_911842
650 4 _aLibre albedrío.
_914421
710 2 _aAteneo de Madrid.
_bSección de Ciencias Exactas, Físicas y Naturales.
_91978
852 4 _aES-MaACL
_cDEPOF
_gDedicatoria autógrafa del autor
_jT-406-F-7
_xHolandesa, falto de cub. original
_xEnc. en un vol. facticio
942 _cFOLLETOS
_n0
999 _c164170
_d164170